000 00674ngm a22002770a 4500
001 PT41986
003 AR-LpoUNG
005 20210201232334.0
007 co ||u|||uuuuu
008 191001s1991||||xxk|||||||||||||||||eng d
037 _c$22.30
040 _aAR-LpoUNG
_bspa
_cAR-LpoUNG
_eaacr
041 _aeng
044 _axxk
082 0 _a781.65 364qui
100 1 _aReinhardt, Django
245 1 4 _aThe quintet of the hot club of France
260 _aSussex :
_bFlapper,
_c1991.
650 4 _aMUSICA
651 4 _aDOCUMENTOS TEORICOS O METODOLOGICOS
653 _aCD
653 _aJAZZ
700 1 _aGrappelli, Stephane
905 _a41986
942 _cCDDVD
999 _c53421
_d53421